| 000 | 00713nam a22002177a 4500 | ||
|---|---|---|---|
| 005 | 20081020125930.0 | ||
| 008 | 081020t xxu||||| |||| 00| 0 eng d | ||
| 010 | _aENG-84147 | ||
| 020 | _a8171980287 | ||
| 020 | _c195.00 (pbk) | ||
| 035 | _aEN-67680 | ||
| 082 | _a005.3 / MAD | ||
| 100 | _aMadan, Sushila | ||
| 245 |
_aIntroduction to essential tools / _cby Sushila Madan |
||
| 250 | _a2nd updated ed | ||
| 260 |
_aNOIDA _bMayur Paperbacks |
||
| 260 | _c2007 | ||
| 300 |
_aVarious pagings _c24cm |
||
| 942 |
_2ddc _cEN _h005.3 _mMAD |
||
| 999 |
_c17111 _d17111 |
||